000
00282nam a22001217a 4500
008
181011b xxu||||| |||| 00| 0 eng d
041
_a
eng
080
_a
330
100
_a
52
101
_a
EKO
245
_a
The Economic Demand for Irrigated Acreage
_c
Ruttan,V.W
942
_2
udc
_c
BK
999
_c
49419
_d
49419